[Event "UKR-chT 2019"]
[Site "Chornomorsk"]
[Date "2019.05.21"]
[Round "2.4"]
[White "Tarasenko, Vladislav"]
[Black "Osmak, Iulija"]
[Result "0-1"]
[WhiteElo "2027"]
[BlackElo "2387"]
[Annotator "NA RC"]
[PlyCount "62"]
[EventDate "2019.05.20"]
[EventCountry "UKR"]
[SourceTitle "playchess.com"]
[Source "ChessBase"]
[SourceQuality "1"]
[TimeControl "40/5400+30:1800+30"]

1. e4 {[%emt 0:00:00]} e6 {[%emt 0:00:00]} 2. d4 {[%emt 0:00:31]} d5 {[%emt 0:00:00]} 3. Nd2 {[%emt 0:00:03]} Be7 {[%emt 0:00:00]} 4. Bd3 {[%emt 0:01:51]} c5 {[%emt 0:00:54]} 5. dxc5 {[%emt 0:02:23]} Nf6 {[%emt 0:00:41]} 6. Ngf3 {[%emt 0:01:56]} dxe4 {[%emt 0:00:41]} 7. Nxe4 {[%emt 0:00:04]} Nxe4 {[%emt 0:00:15]} 8. Bxe4 {[%emt 0:00:03]} Qxd1+ {[%emt 0:00:12]} 9. Kxd1 {[%emt 0:00:02]} Bxc5 {[%emt 0:00:08]} 10. Ke2 {[%emt 0:00:05]} Nd7 {[%emt 0:00:19] C03: French Tarrasch: Unusual Black 3rd moves} 11. Rd1 {[%emt 0:15:36]} (11. Be3 Bxe3 12. Kxe3 Nc5 13. Rhd1 Ke7 14. Bd3 f6 15. Bc4 Bd7 16. b4 Na4 17. Rxd7+ Kxd7 18. Bb5+ {½-½ (52) Svidler,P (2753)-Yu,Y (2759) Shenzhen 2018}) 11... Nf6 {[%emt 0:07:13]} 12. Bg5 {[%emt 0:01:06]} Bd7 {[%emt 0:05:42]} 13. Bxf6 {[%emt 0:03:41]} gxf6 {[%emt 0:01:29]} 14. Nd4 $146 {[%emt 0:15:16]} ({Predecessor:} 14. Nd2 O-O-O 15. a4 f5 16. Bf3 e5 17. Bd5 Bxa4 18. Bxb7+ Kxb7 19. Rxa4 {½-½ (43) Vigo Allepuz,D (2059)-Sowray,P (2325) Barcelona 2014}) 14... O-O-O {[%emt 0:06:36]} 15. a4 {[%emt 0:11:59]} Kb8 {[%emt 0:15:13]} 16. Nb3 {[%emt 0:05:02]} Be7 {[%emt 0:00:59]} 17. Na5 {[%emt 0:04:38]} Bc8 {[%emt 0:00:59]} 18. c3 {[%emt 0:03:59]} h5 {[%emt 0:04:02]} 19. b4 {[%emt 0:12:39]} f5 {[%emt 0:03:08]} 20. Bf3 {[%emt 0:00:09]} h4 $11 {[%emt 0:03:30]} 21. Rab1 {[%emt 0:03:06]} Kc7 {[%emt 0:03:54]} 22. Nc4 {[%emt 0:02:38]} Bf6 {[%emt 0:02:04]} 23. b5 {[%emt 0:03:22]} Rxd1 {[%emt 0:13:54]} 24. Rxd1 {[%emt 0:00:33]} Bxc3 {[%emt 0:04:48]} 25. Rc1 {[%emt 0:02:45]} Bb4 {[%emt 0:01:10]} 26. Ne5+ {[%emt 0:05:36]} Kb8 {[%emt 0:00:45]} 27. Nxf7 {[%emt 0:01:37]} Rh7 {[%emt 0:00:30]} 28. Ne5 {[%emt 0:00:24]} Bd6 {[%emt 0:00:19]} 29. Nc4 {[%emt 0:01:46]} Bxh2 {[%emt 0:02:18]} 30. b6 {[%emt 0:00:48]} Bf4 {[%emt 0:11:13]} 31. Rb1 {[%emt 0:00:47]} a6 {[%emt 0:00:47]} 0-1

[Event "UKR-chT 2019"]
[Site "Chornomorsk"]
[Date "2019.05.21"]
[Round "2.5"]
[White "Malakhatko, Vadim"]
[Black "Chernenko, Vladislav"]
[Result "1-0"]
[WhiteElo "2512"]
[BlackElo "1848"]
[Annotator "TA"]
[PlyCount "84"]
[EventDate "2019.05.20"]
[EventCountry "UKR"]
[SourceTitle "playchess.com"]
[Source "ChessBase"]
[SourceQuality "1"]

{[%evp 9,84,1,1,2,5,0,1,0,0,0,0,0,0,3,10,0,0,0,0,0,0,-9,-14,-12,-9,-16,-8,-32,-27,-22,0,0,0,0,27,20,19,15,20,0,31,44,37,41,37,18,29,10,17,0,0,0,64,63,64,44,72,74,80,83,136,137,137,137,135,120,131,133,129,129,124,124,127,123,128,87,84]} 1. c4 e6 2. g3 d5 3. Bg2 Nf6 4. Nf3 dxc4 5. Qa4+ Bd7 6. Qxc4 {A13: English Opening: 1...e6} c5 7. Ne5 Qc8 8. Qd3 {The position is equal.} Nc6 9. Nxd7 Nxd7 10. Qb3 (10. b3 Be7 11. Bb2 O-O 12. Nc3 Rd8 13. Rc1 Nf6 {½-½ (45) Cheparinov,I (2711)-Grandelius,N (2678) Germany 2019}) 10... Nd4 11. Qd1 Be7 12. O-O $146 ({Predecessor:} 12. Nc3 O-O 13. O-O Rd8 {½-½ (14) Papin,V (2453)-Demuth,A (2543) Melbourne 2017}) 12... O-O 13. d3 Rd8 14. Nc3 Nf6 15. Bd2 Qd7 16. Rc1 Rac8 17. b3 h6 18. Kh1 b6 19. Qe1 e5 20. f4 exf4 21. gxf4 Re8 22. e4 Qg4 23. Qe3 {Black must now prevent Bh3.} Qh4 24. Bh3 Ng4 25. Bxg4 Qxg4 26. Nd5 Qe2 27. Qxe2 (27. Rf2 {feels hotter.} Qxe3 28. Bxe3 Nc6 29. Rg2 Kh7 30. Bd2) 27... Nxe2 28. Rce1 Nd4 29. Bc3 Bh4 30. Re3 Rcd8 (30... f5 $11) 31. Rh3 $36 {[%mdl 2048] Black is under pressure.} Be7 32. Rg3 Kh8 33. Rg2 Bf8 34. f5 Rd6 ({Black should try} 34... Bd6) 35. Bxd4 $16 cxd4 36. Rc2 Rd7 37. Rfc1 Bd6 38. Rc8 Rdd8 39. Rxd8 {White is better.} Rxd8 40. Rc4 b5 41. Rc6 Kg8 42. Nc7 Rc8 {Accuracy: White = 54%, Black = 53%.} 1-0

[Event "UKR-chT 2019"]
[Site "Chornomorsk"]
[Date "2019.05.21"]
[Round "2.6"]
[White "Molchanov, Mykola"]
[Black "Kovalev, Denis"]
[Result "1/2-1/2"]
[WhiteElo "2096"]
[BlackElo "2496"]
[Annotator "TA"]
[PlyCount "70"]
[EventDate "2019.05.20"]
[EventCountry "UKR"]
[SourceTitle "playchess.com"]
[Source "ChessBase"]
[SourceQuality "1"]

{[%evp 19,70,53,55,15,24,26,48,31,29,22,29,0,0,0,0,0,0,0,0,0,0,0,0,0,0,0,0,0,0,0,0,0,0,0,0,-1,0,0,0,0,0,0,0,0,0,0,0,0,0,0,0,0,0]} 1. c4 Nf6 2. Nc3 c5 3. g3 g6 4. Bg2 Nc6 5. e3 d6 6. Nge2 Bg7 7. d4 Bd7 8. O-O O-O 9. b3 Rb8 10. Bb2 a6 11. a4 {E61: King's Indian: Early deviations for White, including Smyslov System} (11. Rc1 cxd4 12. exd4 Na5 13. Re1 b5 14. c5 b4 15. Na4 Bxa4 16. bxa4 d5 17. Nf4 e6 18. Bf1 Qc8 19. Nd3 {0-1 (50) Kryakvin,D (2589)-Neiksans,A (2566) Finland 2019}) 11... Nb4 12. Qd2 cxd4 $146 ({Predecessor:} 12... e6 13. Nf4 Qe7 14. Rad1 Rfd8 15. h3 Be8 16. Qe2 Qc7 17. g4 g5 18. Nh5 Nxh5 19. gxh5 {1-0 (60) Joksimovic,D (2232)-Stojkovska,M (2030) Veliko Gradiste 2016}) 13. Nxd4 {White is slightly better.} (13. exd4 {seems wilder.} Nc6 14. Nd1 d5 15. Ne3 Na5 16. Ra3) 13... Nc6 14. Nd5 Nxd5 15. cxd5 {[%cal Rd4c6]} Nxd4 {The position is equal.} 16. Bxd4 Bxd4 17. Qxd4 Rc8 18. Rfc1 Qa5 19. h4 Rxc1+ 20. Rxc1 Rc8 21. Rxc8+ Bxc8 22. Kh2 h5 23. e4 Qc7 24. Bf3 a5 25. Be2 Qc2 26. Qc4 Qxc4 27. Bxc4 $11 {[%mdl 4096] Endgame KB-KB} Bg4 {[#] Strongly threatening ...Bf3.} 28. Kg2 Bd1 29. f4 f6 30. Kf2 Kg7 31. Ke3 Bc2 32. Kd4 g5 33. Ke3 ({But not} 33. fxg5 fxg5 34. e5 Bd1 $15) 33... Kh6 34. Kd4 Kg6 35. Ke3 Kh6 {Accuracy: White = 71%, Black = 77%.} 1/2-1/2

[Event "UKR-chT 2019"]
[Site "Chornomorsk"]
[Date "2019.05.22"]
[Round "3.1"]
[White "Galperin, Platon"]
[Black "Kuzubov, Yuriy"]
[Result "1/2-1/2"]
[WhiteElo "2424"]
[BlackElo "2664"]
[Annotator "TA"]
[PlyCount "113"]
[EventDate "2019.05.20"]
[EventCountry "UKR"]
[SourceTitle "playchess.com"]
[Source "ChessBase"]
[SourceQuality "1"]

{[%evp 16,113,29,29,23,18,27,18,33,36,42,26,36,10,25,-13,17,0,0,0,44,34,47,5,4,0,7,-16,-13,-10,0,0,0,-4,0,0,0,0,8,0,0,-48,-41,-66,-67,-70,-66,-68,-68,-58,-60,-67,-67,-94,-79,-91,-78,-70,-59,-70,-29,-29,-32,-29,-40,-71,-41,-54,-12,-12,-14,-20,-23,-20,0,0,0,0,0,0,0,0,0,0,0,0,0,0,0,0,0,0,0,0,0,0,0,0,8,0]} 1. e4 c5 2. Nf3 Nc6 3. Bb5 d6 4. O-O Bd7 5. Re1 Nf6 6. c3 a6 7. Bf1 Bg4 8. h3 Bxf3 9. Qxf3 e6 {B51: Sicilian: Moscow Variation (3 Bb5+) without 3...Bd7} 10. Qg3 (10. d3 Be7 11. Nd2 O-O 12. g3 d5 13. Qe2 b5 14. Bg2 Rb8 15. Nf3 Qb6 16. exd5 Nxd5 17. Ng5 Bxg5 18. Bxg5 {½-½ (31) Jones,G (2681)-Bu,X (2731) Astana 2019}) 10... Nh5 11. Qg4 g6 12. d3 Bg7 13. Bg5 {[#]} Qd7 $146 ({Predecessor:} 13... Qb6 14. Na3 O-O 15. Rab1 Qc7 16. Nc2 h6 17. Be3 {1-0 (41) Smeets,J (2598)-Bobras,P (2524) Germany 2017}) 14. Na3 O-O 15. Nc2 b5 16. Rad1 f5 17. exf5 exf5 18. Qf3 h6 19. Be3 Kh7 20. d4 c4 $1 21. g4 fxg4 22. Qxg4 Qf7 23. Bg2 d5 24. Re2 Nf6 25. Qf4 Qd7 26. Bc1 g5 27. Qf3 Ne7 28. Ne3 Rad8 $1 29. Rde1 {Black should prevent Nxc4!} Ng6 $1 $36 {[%mdl 2048] Black has some pressure.} 30. Qf5 Qxf5 31. Nxf5 Nh5 $1 32. Nxg7 Kxg7 33. Re6 Rf6 $1 34. b3 Nhf4 35. Bxf4 Nxf4 36. Re7+ Rf7 37. bxc4 bxc4 38. Rxf7+ Kxf7 $15 {[%mdl 4096] Endgame KRB-KRN} 39. Re5 Kf6 40. Kh2 {[#]} h5 $1 41. a4 a5 {Threatens to win with ...h4.} 42. h4 $1 {[%cal Rh4g5]} gxh4 43. Bf3 Rd6 44. Bg2 Rb6 {The position is equal.} 45. Bxd5 Rb2 46. Bxc4 Rxf2+ 47. Kh1 Rf3 48. Rxa5 Rxc3 49. Rc5 Rc1+ 50. Kh2 Rc2+ 51. Kh1 Rd2 52. a5 Rxd4 53. a6 Rd1+ 54. Kh2 {[#] a7 is the strong threat.} Rd2+ 55. Kh1 Rd1+ 56. Kh2 {aiming for a7.} Rd2+ 57. Kh1 {Accuracy: White = 64%, Black = 71%.} 1/2-1/2

[Event "UKR-chT 2019"]
[Site "Chornomorsk"]
[Date "2019.05.22"]
[Round "3.2"]
[White "Efimenko, Zahar"]
[Black "Roshka, Yevgeniy"]
[Result "1-0"]
[WhiteElo "2632"]
[BlackElo "2276"]
[Annotator "TA"]
[PlyCount "111"]
[EventDate "2019.05.20"]
[EventCountry "UKR"]
[SourceTitle "playchess.com"]
[Source "ChessBase"]
[SourceQuality "1"]

{[%evp 9,111,37,65,41,54,24,51,16,36,20,45,10,45,20,17,14,35,40,86,24,24,24,24,27,50,38,56,53,59,53,92,67,70,30,0,2,298,285,257,231,232,226,316,316,200,185,172,185,171,122,122,122,122,122,129,129,130,130,444,444,443,439,429,421,418,417,417,412,365,319,1469,1312,1652,1631,1678,1666,1508,789,1454,1466,1457,1332,1334,1255,1360,1360,1300,1320,2002,2004,1700,1700,29976,29978,29987,29988,29990,29991,29991,29992,29992,29993,29996,29997]} 1. Nf3 d6 2. d4 g6 3. e4 Bg7 4. Nc3 a6 5. Be2 e6 (5... b5 6. O-O Nd7 7. Re1 Bb7 8. Bd3 e5 9. d5 Ne7 10. a4 b4 11. Na2 a5 12. c3 bxc3 13. Nxc3 O-O 14. Be3 {0-1 (41) Guseinov,G (2645)-Carlsen,M (2832) chess.com INT 2017}) 6. Bf4 {B06: Modern Defence} Nd7 $146 ({Predecessor:} 6... Ne7 7. Qd2 h6 8. O-O-O b5 9. Bd3 Nd7 10. Rhe1 Bb7 11. h4 Rc8 12. a3 Nf6 13. Kb1 {½-½ (47) Carrettoni,A (2215)-Schopf,O (2102) ICCF email 2007}) 7. e5 d5 8. Qd2 {White is slightly better.} c5 9. dxc5 Nxc5 10. O-O h6 11. h4 Ne7 12. Rad1 Nc6 13. Rfe1 b5 14. Bd3 (14. b4 $16 Nd7 15. a4) 14... Bb7 $11 15. Ne2 Rc8 16. c3 Bf8 17. Ned4 Nxd4 18. cxd4 Ne4 19. Qe3 Be7 20. Bxh6 Bxh4 21. Bxe4 (21. g3 {is interesting.} Be7 22. Kg2 Kd7 23. Rh1 Kc7 24. Nd2) 21... dxe4 22. Bg5 exf3 $4 {[%mdl 8192]} (22... Bxg5 $11 {and Black has nothing to worry.} 23. Nxg5 Qe7) 23. Bxd8 $18 Bxd8 24. d5 {Strongly threatening dxe6.} fxg2 25. Kxg2 Rc4 26. Rh1 Rxh1 27. Kxh1 Bxd5+ 28. Rxd5 exd5 {[%mdl 4096] Endgame KQ-KRB} 29. e6 Rc6 30. exf7+ Kxf7 31. Qf3+ Rf6 32. Qxd5+ {[%mdl 64] [#] Double Attack} Ke8 33. Kg2 Bc7 $2 {[%mdl 8192]} (33... Rb6 $16 {is more resistant.} 34. b3 Ke7) 34. Qg8+ Ke7 35. Qg7+ Rf7 36. Qxg6 Rf6 37. Qg7+ Rf7 38. Qc3 Kd7 39. Qd3+ Kc8 $2 (39... Bd6 40. Qh3+ Kc7) 40. Qg6 {[%mdl 64] [#] Double Attack} Rf4 41. Qxa6+ {[%mdl 64] Double Attack} Kd8 42. Qxb5 Bd6 43. a3 Kc7 44. b4 {[%cal Bb2b4,Bb4b5,Bb5b6][%mdl 32]} Kd8 45. Qc6 Ke7 46. Kf1 Rd4 47. Ke2 Rh4 48. Qd5 Kd7 49. b5 Rh8 50. Qf7+ Kc8 51. b6 {White mates.} Rd8 52. a4 {[%cal Ba3a4,Ba4a5,Ba5a6][%mdl 32]} Rd7 53. Qe8+ Rd8 54. Qc6+ Kb8 55. a5 Bg3 56. a6 {Accuracy: White = 75%, Black = 32%.} 1-0

[Event "UKR-chT 2019"]
[Site "Chornomorsk"]
[Date "2019.05.22"]
[Round "3.3"]
[White "Sydoryka, Vladyslav"]
[Black "Sivuk, Vitaly"]
[Result "0-1"]
[WhiteElo "2269"]
[BlackElo "2543"]
[Annotator "RC"]
[PlyCount "88"]
[EventDate "2019.05.20"]
[EventCountry "UKR"]
[SourceTitle "playchess.com"]
[Source "ChessBase"]
[SourceQuality "1"]
[TimeControl "40/5400+30:1800+30"]

1. c4 {[%emt 0:00:00]} b6 {[%emt 0:00:00]} 2. e4 {[%emt 0:00:00]} Bb7 {[%emt 0:00:00]} 3. Nc3 {[%emt 0:00:00]} e5 {[%emt 0:00:07]} 4. Nf3 {[%emt 0:03:42]} Nc6 {[%emt 0:00:14]} 5. Be2 {[%emt 0:10:11]} Bc5 {[%emt 0:03:38]} 6. Nxe5 {[%emt 0:11:44]} Nxe5 {[%emt 0:01:02]} 7. d4 {[%emt 0:00:32]} Bd6 {[%emt 0:00:07]} 8. dxe5 {[%emt 0:00:07]} Bxe5 {[%emt 0:00:05]} 9. O-O {[%emt 0:18:41]} Nf6 {[%emt 0:06:51]} 10. Nd5 {[%emt 0:09:03]} c5 {[%emt 0:13:04]} 11. Qc2 {[%emt 0:09:25]} Nxd5 {[%emt 0:11:19]} 12. exd5 {[%emt 0:03:49]} Qf6 {[%emt 0:05:33]} 13. Rb1 {[%emt 0:01:05]} O-O {[%emt 0:00:16]} 14. Bd3 {[%emt 0:02:57]} h6 {[%emt 0:02:12]} 15. g3 {[%emt 0:01:19]} d6 {[%emt 0:05:34]} 16. Bh7+ {[%emt 0:01:56]} Kh8 {[%emt 0:00:09]} 17. Bf5 {[%emt 0:00:04]} g6 {[%emt 0:07:42]} 18. Bh3 {[%emt 0:00:03]} Kg7 {[%emt 0:00:09]} 19. b3 {[%emt 0:03:39]} Bc8 {[%emt 0:02:49]} 20. Bxc8 {[%emt 0:00:04]} Raxc8 {[%emt 0:00:11]} 21. Be3 {[%emt 0:03:56]} Rfe8 {[%emt 0:05:23]} 22. Rbe1 {[%emt 0:01:19]} h5 {[%emt 0:00:44]} 23. h4 {[%emt 0:00:51]} Qf3 {[%emt 0:00:33]} 24. Qd1 {[%emt 0:01:42]} Qxd1 {[%emt 0:01:48]} 25. Rxd1 {[%emt 0:00:01]} Bxg3 {[%emt 0:02:50]} 26. Bxc5 {[%emt 0:00:01]} Bh2+ {[%emt 0:07:01]} 27. Kxh2 {[%emt 0:00:13]} bxc5 {[%emt 0:00:03]} 28. Rfe1 {[%emt 0:02:40]} Kf6 {[%emt 0:01:56]} 29. Kg3 {[%emt 0:00:26]} Kf5 {[%emt 0:00:38]} 30. Rb1 {[%emt 0:03:20]} a5 {[%emt 0:00:25]} 31. f4 {[%emt 0:02:32]} Rb8 {[%emt 0:02:14]} 32. Kf3 {[%emt 0:04:28]} f6 {[%emt 0:02:10]} 33. Kg3 {[%emt 0:03:57]} a4 {[%emt 0:02:48]} 34. bxa4 {[%emt 0:00:31]} Rxb1 {[%emt 0:00:46]} 35. Rxe8 {[%emt 0:00:13]} Rb4 {[%emt 0:00:31]} 36. Re6 {[%emt 0:00:49]} Rxc4 {[%emt 0:00:36]} 37. Rxd6 {[%emt 0:00:09]} Rxa4 {[%emt 0:00:13]} 38. Rc6 {[%emt 0:00:12]} Ra3+ {[%emt 0:00:19]} 39. Kg2 {[%emt 0:00:09]} Rxa2+ {[%emt 0:00:05]} 40. Kg3 {[%emt 0:00:00]} Ra3+ {[%emt 0:00:00]} 41. Kf2 {[%emt 0:00:30]} Ra4 {[%emt 0:03:14]} 42. Rxc5 {[%emt 0:00:15]} Rxf4+ {[%emt 0:00:34]} 43. Kg3 {[%emt 0:00:07]} Rg4+ {[%emt 0:00:09]} 44. Kh3 {[%emt 0:00:15]} Rd4 {[%emt 0:00:14]} 0-1

[Event "UKR-chT 2019"]
[Site "Chornomorsk"]
[Date "2019.05.22"]
[Round "3.4"]
[White "Osmak, Iulija"]
[Black "Mitusov, Semen"]
[Result "1/2-1/2"]
[WhiteElo "2387"]
[BlackElo "2261"]
[Annotator "TA"]
[PlyCount "149"]
[EventDate "2019.05.20"]
[EventCountry "UKR"]
[SourceTitle "playchess.com"]
[Source "ChessBase"]
[SourceQuality "1"]

{[%evp 18,148,0,2,0,0,0,0,13,13,15,27,27,27,18,8,0,0,14,0,14,0,48,54,43,41,51,43,44,47,56,51,106,62,54,47,141,157,142,158,168,141,149,154,164,137,130,135,128,137,148,126,166,151,181,161,206,206,190,195,312,305,311,302,409,242,418,220,255,248,250,241,221,191,183,183,232,244,220,142,147,150,131,129,120,116,303,303,303,302,295,295,272,154,247,227,225,217,280,278,278,278,351,359,781,752,1027,1027,1027,1027,1027,1027,1008,910,6830,10168,12799,10946,4672,4638,4631,4625,29984,29985,29991,29983,29983,29983,29996,29997,29998,29999,29999]} 1. e4 e5 2. Nf3 Nc6 3. Bb5 a6 4. Ba4 Nf6 5. Nc3 b5 6. Bb3 Be7 7. d3 d6 8. a3 O-O 9. O-O Bg4 10. Be3 Nd4 {C84: Closed Ruy Lopez: Unusual White 6th moves} 11. Bxd4 exd4 12. Nd5 c5 {The position is equal.} (12... Nd7 13. h3 Bxf3 14. Qxf3 c6 15. Nf4 Nc5 16. Ba2 a5 17. Qg4 Kh8 18. Ne2 {1-0 (48) Caruana,F (2828)-Postny,E (2623) chess.com INT 2019}) 13. h3 Be6 14. Nxf6+ Bxf6 15. Bxe6 fxe6 16. Qe2 e5 {[#]} 17. a4 $146 ({Predecessor:} 17. g3 Qd7 18. Kg2 {1-0 (55) Blomqvist,E (2548)-Hauge,L (2450) Fagernes 2017}) 17... Qc7 18. b3 Rfc8 19. Ra2 c4 20. bxc4 bxc4 21. Nd2 $1 {[%cal Rd2c4]} c3 $1 {[%cal Rc3d2]} 22. Nc4 Rab8 23. Qg4 Rd8 24. Raa1 Qd7 (24... h6 $14) 25. Rfb1 {Hoping for Rxb8.} (25. Rab1 {with more complications.} Rxb1 26. Rxb1 Qxa4 27. Qe6+ Kf8 28. Rb7) 25... Qxg4 26. hxg4 Rxb1+ (26... d5 $1 $14 27. exd5 e4) 27. Rxb1 $14 {[%mdl 4096] Endgame KRB-KRN} d5 28. exd5 Rxd5 29. Kf1 $1 h5 30. gxh5 e4 31. Ke2 exd3+ 32. Kxd3 Rxh5 33. Nd6 Rh2 34. Rg1 $1 g6 35. Ne4 Bg7 36. g3 $1 Rh5 37. Rb1 Ra5 38. Rb4 g5 (38... Rh5 {might work better.} 39. Rb6 Rh1 40. Rxa6 (40. Rxg6 Rd1+ 41. Ke2 Rc1 $16) 40... Rd1+ 41. Ke2 Rc1) 39. g4 $18 Kh7 40. Rc4 Kg8 41. Rc8+ (41. Rc5 $142 Rxc5 42. Nxc5) 41... Kf7 $2 (41... Bf8 42. Rd8 Kf7 43. Rxd4 Be7 44. Nxc3 Ke6) 42. Nd6+ (42. Rc5 $142 Rxa4 43. Rc7+ (43. Nxg5+ Ke8 $18) (43. Rxg5 Ra1 $16) 43... Kg6 44. Rc6+ Kf7 45. Nxg5+ Ke8 46. Ne6) 42... Kg6 43. Nf5 Bf6 44. Rc4 Re5 45. Nxd4 Re1 46. Rc6 Kf7 {White must now prevent ...Rd1+.} 47. Nf5 ({Resist} 47. Kxc3 $6 Re4 $16) 47... Rd1+ 48. Ke3 Rd2 49. Rxa6 Be5 50. Ra7+ Kf6 {[#]} 51. Ke4 $1 {Threatens to win with Ra6+.} Re2+ $2 (51... Bh2 $16 {keeps fighting.} 52. a5 Rxc2) 52. Ne3 {And now Ra6+ would win.} Bf4 53. Kf3 Rd2 54. Ra6+ Kf7 {[#]} 55. Ra5 (55. Rc6 $1 $18) 55... Kg6 (55... Bxe3 $16 {was called for.} 56. Kxe3 Kg6) 56. Nd5 Be5 57. Ke4 Re2+ 58. Ne3 Bf4 59. Rc5 Rxf2 {intending ...Bxe3.} 60. Rxc3 Bxe3 $2 (60... Kf7 61. a5 Re2) 61. Kxe3 {KR-KR} Rf4 62. Ra3 Rxg4 63. Ra2 Kf5 64. a5 Re4+ 65. Kd3 Re7 66. a6 Ra7 67. Kc4 g4 68. Kb5 g3 69. c4 Rg7 70. a7 {White mates.} g2 71. a8=Q g1=Q 72. Qf3+ Ke6 73. Re2+ Kd7 74. Qc6+ Kd8 75. Re8# {[%mdl 32768] Accuracy: White = 83%, Black = 42%. . An unexpected result.} 1/2-1/2

[Event "UKR-chT 2019"]
[Site "Chornomorsk"]
[Date "2019.05.22"]
[Round "3.5"]
[White "Malovanyi, Yulian"]
[Black "Malakhatko, Vadim"]
[Result "0-1"]
[WhiteElo "2260"]
[BlackElo "2512"]
[Annotator "TA"]
[PlyCount "74"]
[EventDate "2019.05.20"]
[EventCountry "UKR"]
[SourceTitle "playchess.com"]
[Source "ChessBase"]
[SourceQuality "1"]

{[%evp 10,74,-11,-7,0,0,33,35,34,39,39,31,16,32,43,0,29,-18,-7,-7,-1,-11,0,-3,-18,-7,0,0,0,0,0,4,7,-66,-60,-73,-70,-234,-237,-236,-245,-245,-252,-233,-238,-236,-241,-300,-292,-385,-381,-385,-379,-368,-343,-458,-465,-475,-468,-749,-742,-950,-742,-968,-945,-904,-892]} 1. e4 e6 2. d4 d5 3. Bd3 dxe4 4. Bxe4 Nf6 5. Bf3 c5 6. Ne2 Nc6 {[%cal Rc5d4] C01: French: Exchange Variation} 7. Be3 e5 {Hoping for ...e4.} (7... cxd4 8. Nxd4 Ne5 9. Nc3 a6 10. Qe2 Nxf3+ 11. Qxf3 e5 12. Nb3 Bb4 13. Bg5 h6 14. Rd1 {½-½ (31) Andriasian,Z (2604)-Martirosyan,H (2607) Yerevan 2019}) 8. Bxc6+ $1 bxc6 {White is slightly better.} 9. dxe5 Qxd1+ 10. Kxd1 Ng4 11. Nd2 Nxe5 12. h3 Ba6 13. Re1 O-O-O 14. Kc1 Be7 $146 15. Nc3 Rhe8 16. b3 f5 17. Kb2 Ng6 {Threatens to win with ...f4.} 18. g3 f4 $36 {[%mdl 2048] Black is pushing.} 19. gxf4 {next Nde4 is good for White.} Bf6 20. Nf3 Rd5 $1 {[%cal Bd8d5,Bd5f5,Bf5f4][%mdl 32]} 21. Nh2 (21. h4 $11) 21... h5 $1 $15 22. Rg1 Nh4 23. Rg5 $2 ({Better is} 23. Rae1 $15) 23... Nf5 $19 24. Rxf5 Rxf5 25. Nf3 {[#]} Re4 $1 26. Nd2 Rexf4 27. Bxf4 Rxf4 28. f3 Kc7 29. Nde4 Bd4 30. Ng5 {Strongly threatening Ne6+.} Bc8 31. Re1 Bd7 32. a3 h4 {Black is clearly winning.} 33. Re2 a5 34. Rg2 {[#]} (34. Re7 $142 Kd8 35. Re4 Rxe4 36. fxe4) 34... Bxh3 $1 {[%mdl 512]} 35. Rh2 (35. Nxh3 Rxf3) 35... Bd7 36. Re2 h3 37. Rh2 Rf5 {Accuracy: White = 38%, Black = 77%.} 0-1

[Event "UKR-chT 2019"]
[Site "Chornomorsk"]
[Date "2019.05.22"]
[Round "3.6"]
[White "Maximov, Dmitry"]
[Black "Kushko, Dmitriy"]
[Result "1/2-1/2"]
[WhiteElo "2486"]
[BlackElo "2255"]
[Annotator "TA"]
[PlyCount "62"]
[EventDate "2019.05.20"]
[EventCountry "UKR"]
[SourceTitle "playchess.com"]
[Source "ChessBase"]
[SourceQuality "1"]

{[%evp 18,62,44,42,48,58,66,60,86,21,20,0,0,0,0,0,0,0,0,0,0,0,0,0,0,0,0,-20,-19,-15,-14,-18,0,0,0,0,0,0,0,0,0,0,0,0,0,0,0]} 1. e4 d6 2. d4 Nf6 3. Nc3 g6 4. Nf3 Bg7 5. Be2 O-O 6. O-O c6 7. h3 Nbd7 8. a4 e5 9. dxe5 dxe5 10. Bc4 Qe7 {B08: Pirc Defence: Classical System} (10... h6 11. a5 Qe7 12. b3 Rd8 13. Ba3 Qe8 14. Qc1 b5 15. axb6 axb6 16. Bd6 Bb7 17. Rxa8 Rxa8 18. b4 {½-½ (70) Papp,G (2598)-Movsziszian,K (2485) Benasque 2017}) 11. b3 Nc5 12. Ba3 b6 {White is slightly better.} 13. a5 $146 (13. Qd3 $16) ({Predecessor:} 13. Qe2 a5 14. Rad1 Bh6 15. Ne1 Nh5 16. Nd3 Nf4 17. Nxf4 exf4 18. e5 {½-½ (37) Leventic,I (2454)-Arnaudov,P (2436) Bol 2014}) 13... b5 $11 {The position is equal.} 14. Bxb5 cxb5 15. Nd5 Nxd5 16. Qxd5 {[%mdl 64] [#] Double Attack} Bb7 17. Bxc5 Qc7 18. Bd6 Bxd5 19. Bxc7 Bxe4 20. Bxe5 Bxf3 21. Bxg7 Bxg2 22. Bxf8 (22. Rfd1 {seems wilder.} Kxg7 23. Kxg2 Rfd8 24. c4 bxc4 25. bxc4 Rdc8 26. Rac1) 22... Bxf1 23. Kxf1 Kxf8 {[%mdl 4096] Endgame KR-KR} 24. Ke2 Ke7 25. Kd3 Kd6 26. c4 bxc4+ 27. Kxc4 Rc8+ 28. Kb5 Rb8+ 29. Kc4 Rc8+ 30. Kb5 Rb8+ 31. Kc4 Rc8+ {Accuracy: White = 76%, Black = 77%.} 1/2-1/2